000 00728nam a2200229 a 4500
005 20210219160303.0
008 081006s1994 mx r 000 0 spa d
020 _a082703301X
035 _aUPN01000162430
049 _aUNE
080 _a92=20 HOR No.33.
100 1 _aHoran, Elizabeth
245 1 0 _aGabriela Mistral :
_ban artista and her people /
_cby Elizabeth Horan.
260 _aWashington, D.C. :
_bOEA,
_c1994.
300 _axv, 216 p. :
_bil.
440 0 _aINTERAMER, Cultural ;
_v33
500 _aIncluye bibliografía
690 _aMistral, Gabriela (1889-1957) - Biografías
690 _aBiografias - Mistral, Gabriela (1889-1957)
710 2 _aOrganización de los Estados Americanos
905 _aUNESCO
999 _c134543
_d134543